Loading...
| Fine Arts - Classical Music | 5 | 14.00 | 100% | 40% | 0% |
| Fine Arts - Other Fine Arts | 4 | 15.00 | 75% | 50% | 25% |
| Fine Arts - Visual Fine Arts | 3 | 23.33 | 100% | 100% | 33% |
| Geography/Current Events | 3 | 13.33 | 100% | 0% | 33% |
| History - American History | 7 | 17.14 | 100% | 57% | 14% |
| History - European History | 4 | 12.50 | 100% | 25% | 0% |
| History - Other History | 5 | 12.00 | 100% | 20% | 0% |
| History - World History | 3 | 16.67 | 100% | 67% | 0% |
| Literature - American Literature | 6 | 23.33 | 100% | 100% | 33% |
| Literature - British Literature | 7 | 22.86 | 100% | 86% | 43% |
| Literature - European Literature | 5 | 24.00 | 100% | 80% | 60% |
| Literature - World/Other Literature | 5 | 20.00 | 100% | 60% | 40% |
| Mythology | 6 | 21.67 | 100% | 83% | 33% |
| Other Academic | 2 | 30.00 | 100% | 100% | 100% |
| Philosophy | 6 | 16.67 | 100% | 50% | 17% |
| Pop Culture | 1 | 30.00 | 100% | 100% | 100% |
| Religion | 4 | 17.50 | 75% | 75% | 25% |
| Science - Biology | 5 | 16.00 | 100% | 40% | 20% |
| Science - Chemistry | 5 | 16.00 | 100% | 60% | 0% |
| Science - Other Science | 2 | 20.00 | 100% | 100% | 0% |
| Science - Physics | 6 | 25.00 | 100% | 83% | 67% |
| Social Science | 6 | 16.67 | 100% | 33% | 33% |
| World/Other Literature> | 1 | 20.00 | 100% | 100% | 0% |